[Event "Criciuma op-B"]
[Site "Criciuma"]
[Date "2024.01.15"]
[Round "5"]
[White "Donato, Alice Fagundes"]
[Black "Da Luz, Joao Victor Jacinth"]
[Result "0-1"]
[WhiteElo "1145"]
[BlackElo "1682"]
[PlyCount "58"]
[EventDate "2024.01.12"]
[EventType "swiss"]
[EventRounds "9"]
[EventCountry "BRA"]
[SourceTitle "CB04_2024"]
[SourceDate "2023.10.16"]
[SourceVersion "1"]
[SourceVersionDate "2023.10.16"]
[SourceQuality "1"]

1. e4 c5 2. Nf3 d6 3. Nc3 Nc6 4. Bc4 g6 5. d3 Bg7 6. Be3 Nf6 7. a3 0-0 8. Ba2 Re8 9. Qd2 Ng4 10. h3 Nxe3 11. Qxe3 Bd4 12. Qd2 Qa5 13. Nxd4 cxd4 14. Nd5 Qxd2+ 15. Kxd2 Rf8 16. b4 b5 17. c3 Be6 18. Nc7 Rab8 19. Bxe6 fxe6 20. Nxe6 Rxf2+ 21. Ke1 Rxg2 22. cxd4 a5 23. bxa5 Nxa5 24. Nf4 Rb2 25. Nd5 Nb3 26. Rd1 Nxd4 27. Nxe7+ Kg7 28. Nd5 Re2+ 29. Kf1 Rf8+ 0-1

[Event "Criciuma op-B"]
[Site "Criciuma"]
[Date "2024.01.14"]
[Round "4"]
[White "Carlesso, Kaua Murilo"]
[Black "Donato, Alice Fagundes"]
[Result "1-0"]
[WhiteElo "1737"]
[BlackElo "1145"]
[PlyCount "73"]
[EventDate "2024.01.12"]
[EventType "swiss"]
[EventRounds "9"]
[EventCountry "BRA"]
[SourceTitle "CB04_2024"]
[SourceDate "2023.10.16"]
[SourceVersion "1"]
[SourceVersionDate "2023.10.16"]
[SourceQuality "1"]

1. e4 e5 2. Nf3 Nc6 3. Bc4 Nf6 4. d3 Bc5 5. 0-0 d6 6. h3 h6 7. c3 a6 8. a4 Ba7 9. b4 Ne7 10. Qb3 0-0 11. b5 axb5 12. axb5 c6 13. Be3 cxb5 14. Bxa7 bxc4 15. dxc4 Be6 16. Bb6 Qc8 17. Rxa8 Qxa8 18. Qb4 Nc8 19. c5 Nxb6 20. cxb6 Rd8 21. Na3 Qa6 22. Rd1 d5 23. exd5 Nxd5 24. Qb2 Rc8 25. Nxe5 Nxc3 26. Rd3 Na4 27. Qd2 Qxb6 28. Nd7 Bxd7 29. Rxd7 Nc5 30. Re7 Rd8 31. Qf4 Qb3 32. Kh2 Nd3 33. Qf3 Rf8 34. Re3 Rd8 35. Re7 f6 36. Qg3 Qf7 37. Rxf7 1-0

[Event "Criciuma op"]
[Site "Criciuma"]
[Date "2023.01.15"]
[Round "3"]
[White "Senger, Maria Clara da Silv"]
[Black "Donato, Alice Fagundes"]
[Result "1-0"]
[WhiteElo "1604"]
[BlackElo "1797"]
[PlyCount "63"]
[EventDate "2023.01.13"]
[EventType "swiss"]
[EventRounds "9"]
[EventCountry "BRA"]
[SourceTitle "CBM 212 Extra"]
[Source "ChessBase"]
[SourceDate "2023.03.31"]
[SourceVersion "1"]
[SourceVersionDate "2023.03.31"]
[SourceQuality "1"]

1. Nf3 d5 2. d4 Nf6 3. g3 Bf5 4. Bg2 e6 5. 0-0 Nc6 6. c3 Be7 7. Nbd2 0-0 8. Re1 Re8 9. Nf1 Bd6 10. Nh4 Ne7 11. Nxf5 Nxf5 12. Qc2 b6 13. Nd2 c5 14. dxc5 Bxc5 15. e4 dxe4 16. Nxe4 Rc8 17. Nxc5 Rxc5 18. Bd2 Nd4 19. Qd1 Nf5 20. Qe2 Nh6 21. Rad1 Qc7 22. Be3 Rc4 23. Bf1 Qc8 24. Qxc4 Qb7 25. Bg2 Qe7 26. Bxh6 gxh6 27. Rd2 Qf8 28. Red1 h5 29. Qe2 Ng4 30. Bf3 f5 31. Bxg4 hxg4 32. Qe5 1-0

[Event "Criciuma op"]
[Site "Criciuma"]
[Date "2023.01.13"]
[Round "1"]
[White "Schena, Arthur"]
[Black "Donato, Alice Fagundes"]
[Result "1-0"]
[WhiteElo "1918"]
[BlackElo "1797"]
[PlyCount "47"]
[EventDate "2023.01.13"]
[EventType "swiss"]
[EventRounds "9"]
[EventCountry "BRA"]
[SourceTitle "CBM 212 Extra"]
[Source "ChessBase"]
[SourceDate "2023.03.31"]
[SourceVersion "1"]
[SourceVersionDate "2023.03.31"]
[SourceQuality "1"]

1. Nf3 Nf6 2. g3 Nc6 3. d4 d5 4. Bg2 Bf5 5. 0-0 Qd7 6. Ne5 Qe6 7. Nxc6 bxc6 8. c4 Bh3 9. Nc3 Bxg2 10. Kxg2 Ne4 11. Bf4 Nxc3 12. bxc3 Qd7 13. Rb1 dxc4 14. Qa4 e6 15. Rb7 Bd6 16. Bxd6 Qxd6 17. Qxc4 0-0 18. Rfb1 h6 19. Qc5 Qd5+ 20. Qxd5 exd5 21. Rxc7 Rfe8 22. e3 Rab8 23. Rxb8 Rxb8 24. Rxc6 1-0